000
00305nam a2200121Ia 4500
008
220204s9999 xx 000 0 und d
082
_a
631.4
_b
BUC
100
_a
Brady, Nyle C
245
0
_a
Nature and properties of soils
260
_a
New York
_b
Macmillan
_c
1960
700
_a
Buckman, Harry
942
_c
BK
999
_c
21049
_d
21049